[Event "FRA-ch U20"]
[Site "Aix les Bains"]
[Date "2009.04.22"]
[Round "5"]
[White "Doziere, Nicolas"]
[Black "Dolz, Elisabeth"]
[Result "0-1"]
[WhiteElo "1290"]
[BlackElo "1718"]
[PlyCount "88"]
[EventDate "2009.04.19"]
[EventType "swiss"]
[EventRounds "9"]
[EventCountry "FRA"]
[SourceTitle "CBM 130 Extra"]
[Source "ChessBase"]
[SourceDate "2009.07.02"]
[SourceVersion "2"]
[SourceVersionDate "2009.07.15"]
[SourceQuality "1"]

1. e4 e5 2. Nc3 Nf6 3. Nf3 Bb4 4. Bc4 0-0 5. a3 Bxc3 6. dxc3 Nxe4 7. 0-0 d6 8. Qd5 Nf6 9. Qd3 e4 10. Qe3 exf3 11. Qxf3 Be6 12. Bxe6 fxe6 13. Qxb7 Nbd7 14. b4 Qb8 15. Qxb8 Raxb8 16. Be3 a5 17. Rfe1 e5 18. Reb1 Nd5 19. Bd2 a4 20. b5 N7b6 21. Rd1 Nc4 22. Be3 Ndxe3 23. fxe3 Nxe3 24. Rd2 Rxb5 25. Re2 Nc4 26. Re4 d5 27. Ree1 Rb2 28. Red1 Rxc2 29. Rxd5 Nxa3 30. Rxe5 Rxc3 31. h3 Ra8 32. Kh2 Nc2 33. Ra2 a3 34. Re4 c5 35. Re2 Nb4 36. Red2 Nxa2 37. Rxa2 Rb3 38. g4 Rb2+ 39. Rxb2 axb2 40. Kg3 b1Q 41. Kh4 Qe1+ 42. Kh5 Rd8 43. h4 Rd5+ 44. g5 Qe2# 0-1